000
00334nam a2200157Ia 4500
100
_a
Hahn harley
250
_a
2
942
_c
BK
654
_a
Computer
245
_a
The Internet Complete Reference
260
_b
Tata Mc Graw hill
_a
New Delhi
_c
1996
082
_a
4.6
_b
HAH
300
_a
802
546
_a
ENGLISH
999
_c
28236
_d
28236